Schweizer Handball Teams der höchsten 2 Ligen - Statistiken

Allgemein
  • Dieses Quiz wurde 35 mal gespielt
  • Das Durchschnittsergebnis liegt bei 12 aus 24
Antwortstatistiken
Hint Antwort % Korrekt
SH Kadetten Schaffhausen
92%
ZH GC Amicitia Zürich
88%
LU HC Kriens-Luzern
88%
BE BSV Bern
85%
ZH Pfadi Winterthur
85%
BE Wacker Thun
85%
GE CS Chênois Genève Handball
69%
SG TSV St. Otmar St. Gallen
65%
BS RTV 1879 Basel
62%
TG HSC Kreuzlingen
54%
AG HSC Suhr Aarau
54%
ZH Handball Stäfa
50%
NW BSV Stans
46%
LU Handball Emmen
46%
ZH SG Wädenswil/Horgen
35%
TG HC Arbon
31%
SG TSV Fortitudo Gossau
27%
AG TV Möhlin
27%
ZH SG Yellow/ Pfadi Espoirs
19%
BE TV Steffisburg
19%
AG HSG Baden-Endingen
15%
BL TV Birsfelden
15%
SH SG GS/Kadetten Espoirs SH
8%
ZH SG GC Amicitia / HC Küsnacht
0%
Keine übereinstimmenden Quizze gefunden
Verteilung der Resultate
Anzahl Personen mit jedem Resultat
Perzentil nach korrekt beantworteten Fragen
Ihre Resultats-Entwicklung
Sie haben dieses Quiz noch nicht gespielt